000 00817nam a2200253 a 4500
001 32490
003 BD-RjUL
005 20211209051837.0
008 140426r19631955enk 000 0 eng d
035 _a(BD-RjUL)32579
040 _aLC
_beng
_cLC
_dLC
_dBD-RjUL
041 _aeng
082 0 0 _a297.1227
_bARK V-1-V-2 1963
100 1 _aArberry, A. J.,
_d1905-1969,
_q(Arthur John),
_998613
245 1 4 _aThe Koran interpreted /
_cby Arthur J. Arberry.
260 _aLondon :
_bAllen & Unwin,
_aNew York :
_bMacmillan,
_cc1955 [Reprinted 1963].
300 _a2v. ;
_c23 cm.
490 0 _aSpalding library of religion
505 0 _aVol.1. Suras I-XX -- v. 2. Suras XXI-CXIV
650 _aQurʼan
_vCommentaries.
_9223414
830 _aSpalding library of religion
_9223409
942 _2ddc
_cBK
999 _c32490
_d32490